La campaña de Trafalgar (1804-1805) : (Record no. 190528)
[ view plain ]
| 000 -LEADER | |
|---|---|
| campo de control de longitud fija | 01285nam a2200289 4500 |
| 001 - NÚMERO DE CONTROL | |
| campo de control | 190528 |
| 003 - IDENTIFICADOR DE NÚMERO DE CONTROL | |
| campo de control | SpMaBN |
| 005 - FECHA Y HORA DE LA ÚLTIMA TRANSACCIÓN | |
| campo de control | 20251010170254.0 |
| 008 - DATOS DE LONGITUD FIJA--INFORMACIÓN GENERAL | |
| campo de control de longitud fija | 210819s2004 sp a s001 0 spa |
| 020 ## - NÚMERO INTERNACIONAL ESTÁNDAR DEL LIBRO | |
| Número Internacional Estándar del Libro | 84-9781-136-4 |
| 080 ## - NÚMERO DE LA CLASIFICACIÓN DECIMAL UNIVERSAL | |
| Número de la Clasificación Decimal Universal | 355.49(4)"1805"(093) |
| 080 ## - NÚMERO DE LA CLASIFICACIÓN DECIMAL UNIVERSAL | |
| Número de la Clasificación Decimal Universal | 94(4)"1805"(093) |
| 100 1# - ENTRADA PRINCIPAL--NOMBRE DE PERSONA | |
| Nombre de persona | González-Aller Hierro, José Ignacio. |
| 9 (RLIN) | 173348 |
| 245 13 - MENCIÓN DEL TÍTULO | |
| Título | La campaña de Trafalgar (1804-1805) : |
| Resto del título | corpus documental conservado en los archivos españoles / |
| Mención de responsabilidad, etc. | José Ignacio González-Aller Hierro. |
| 260 ## - PUBLICACIÓN, DISTRIBUCIÓN, ETC. | |
| Lugar de publicación, distribución, etc. | [Madrid] : |
| Nombre del editor, distribuidor, etc. | Ministerio de Defensa, Secretaría General Técnica, |
| Fecha de publicación, distribución, etc. | 2004. |
| 300 ## - DESCRIPCIÓN FÍSICA | |
| Extensión | 2 v. (1814 p.) : |
| Otras características físicas | il. col. y n. ; |
| Dimensiones | 30 cm. |
| 500 ## - NOTA GENERAL | |
| Nota general | Índices. |
| 594 ## - Nota al título y mención de responsabilidad | |
| Nota al título y mención de responsabilidad | En port.: Armada Española. |
| 650 #4 - PUNTO DE ACCESO ADICIONAL DE MATERIA--TÉRMINO DE MATERIA | |
| Término de materia o nombre geográfico como elemento de entrada | Batalla de Trafalgar, 1805- |
| Subdivisión de forma | Fuentes. |
| 9 (RLIN) | 173349 |
| 710 1# - ENTRADA AGREGADA--NOMBRE DE ENTIDAD CORPORATIVA | |
| Nombre de entidad corporativa o nombre de jurisdicción como elemento de entrada | España. |
| Unidad subordinada | Ministerio de Defensa |
| 9 (RLIN) | 3853 |
| 852 4# - LOCALIZACIÓN | |
| Ubicación | ES-MaACL |
| Número de control de estantería | A-14732 |
| itemnumber | 197706 |
| Sublocalización o colección | R.151910 |
| Ubicación en estantería | Depósito 1 |
| Signatura antigua | Olim: N-7732 |
| Donativo/Legado | Donación: Juan J. Álvarez |
| Designación de la unidad física | Vol.1 |
| Encuadernación | Encuadernación en cartoné |
| 852 4# - LOCALIZACIÓN | |
| Ubicación | ES-MaACL |
| Número de control de estantería | A-14733 |
| Sublocalización o colección | R.151910 |
| Ubicación en estantería | Depósito 1 |
| Signatura antigua | Olim: N-7733 |
| Donativo/Legado | Donación: Juan J. Álvarez |
| Designación de la unidad física | Vol.2 |
| Encuadernación | Encuadernación en cartoné |
| itemnumber | 201036 |
| 903 ## - NOMBRE PERSONAL DE DONANTE | |
| a | Álvarez Delgado, Juan, |
| d | 1900-1987 |
| e | Donante |
| 9 | 20793 |
| 942 ## - ELEMENTOS DE ENTRADA SECUNDARIOS (KOHA) | |
| Fuente del sistema de clasificación o colocación | Clasificación decimal universal |
| Tipo de ítem Koha | Libro impreso |
| Estatus retirado | Estado de pérdida | Fuente del sistema de clasificación o colocación | Estado de daño | No para préstamo | Biblioteca de origen | Biblioteca actual | Ubicación en estantería | Fecha de adquisición | Fuente de adquisición | Enumeración/cronología de publicación seriada | Total de préstamos | Signatura topográfica completa | Código de barras | Visto por última vez | Precio de reemplazo | Tipo de ítem Koha |
|---|---|---|---|---|---|---|---|---|---|---|---|---|---|---|---|---|
| Clasificación decimal universal | Biblioteca del Ateneo de Madrid | Biblioteca del Ateneo de Madrid | Depósito 1 | 19/08/2021 | Donación | v.1 | A-14732 | 1202647 | 23/02/2023 | 23/02/2023 | Libro impreso | |||||
| Clasificación decimal universal | Biblioteca del Ateneo de Madrid | Biblioteca del Ateneo de Madrid | Depósito 1 | 16/01/2024 | Donación | v.2 | A-14733 | 101206314 | 16/01/2024 | 16/01/2024 | Libro impreso |
